<?xml version="1.0" encoding="UTF-8"?>
<marc:record xmlns:marc="http://www.loc.gov/MARC21/slim">
   <marc:leader>00000nam a2200000 a 4500</marc:leader>
   <marc:datafield ind1="1" ind2=" " tag="100">
      <marc:subfield code="a">Bandelow, Borwin</marc:subfield>
      <marc:subfield code="4">aut</marc:subfield>
      <marc:subfield code="e">Verfasser/-in</marc:subfield>
   </marc:datafield>
   <marc:datafield ind1=" " ind2=" " tag="653">
      <marc:subfield code="a">Schüchternheit</marc:subfield>
   </marc:datafield>
   <marc:datafield ind1=" " ind2=" " tag="653">
      <marc:subfield code="a">Zwischenmenschliche Beziehung</marc:subfield>
   </marc:datafield>
   <marc:datafield ind1=" " ind2=" " tag="653">
      <marc:subfield code="a">Ratgeber</marc:subfield>
   </marc:datafield>
   <marc:datafield ind1="0" ind2="0" tag="245">
      <marc:subfield code="a">Das Buch für Schüchterne</marc:subfield>
   </marc:datafield>
   <marc:datafield ind1="0" ind2="0" tag="245">
      <marc:subfield code="b">Wege aus der Selbstblockade</marc:subfield>
   </marc:datafield>
   <marc:datafield ind1="0" ind2="0" tag="245">
      <marc:subfield code="c">Borwin Bandelow</marc:subfield>
   </marc:datafield>
   <marc:datafield ind1=" " ind2="1" tag="264">
      <marc:subfield code="a">Reinbek bei Hamburg</marc:subfield>
      <marc:subfield code="b">Rowohlt</marc:subfield>
      <marc:subfield code="c">2007</marc:subfield>
   </marc:datafield>
   <marc:datafield ind1=" " ind2=" " tag="250">
      <marc:subfield code="a">1. Aufl.</marc:subfield>
   </marc:datafield>
   <marc:datafield ind1="1" ind2=" " tag="520">
      <marc:subfield code="a">Angaben aus der Verlagsmeldung

Das Buch für Schüchterne : Wege aus der Selbstblockade / von Borwin Bandelow

Jeder fünfte Bundesbürger leidet unter der eigenen Scheu und Zaghaftigkeit. Schüchternheit ist die irrationale Angst vor Begegnungen mit anderen Menschen. Meist steht sie in Ver-bindung mit körperlichen Symptomen (wie z.B. Erröten, feuchte Hände, Herzklopfen) oder Gedanken wie «Ich bin uninteressant», «Die anderen lachen über mich». Was folgt, sind: Mauerblümchendasein, pausenloses Basteln im Hobbykeller, keine Chance beim anderen Geschlecht oder im Beruf, no Sex. Schüchterne fragen sich, woher ihre Angst kommt: Waren meine Eltern zu streng, bin ich als Kind zu oft blamiert worden oder habe ich die Probleme einfach geerbt? «Das Buch für Schüchterne» erklärt die Ursachen für die soziale Angst. Und es zeigt, was man gegen Schüchternheit tun kann. Bandelow erläutert Therapiemöglichkeiten, beurteilt die Wirkungen verschiedener Medikamente und erklärt, wie man sich selbst durch gezielte Übungen und Techniken aus der Schüchternheitsfalle befreien kann. Ein informativer, unterhaltsamer Ratgeber für Schüchterne &#x96; und für alle, die Schüchterne kennen!
</marc:subfield>
   </marc:datafield>
   <marc:datafield ind1=" " ind2=" " tag="020">
      <marc:subfield code="a">9783498006501</marc:subfield>
      <marc:subfield code="9">9783498006501</marc:subfield>
   </marc:datafield>
   <marc:datafield ind1=" " ind2=" " tag="020">
      <marc:subfield code="a">3498006509</marc:subfield>
      <marc:subfield code="9">3498006509</marc:subfield>
   </marc:datafield>
   <marc:datafield ind1=" " ind2=" " tag="041">
      <marc:subfield code="a">ger</marc:subfield>
   </marc:datafield>
   <marc:datafield ind1=" " ind2=" " tag="300">
      <marc:subfield code="a">253 S.</marc:subfield>
   </marc:datafield>
</marc:record>
